Heraldické symboly mestskej časti Kvetnica

Bibliographic Details
Main Author: Mačura, Rastislav (Author)
Format: Article
Language:Slovak
PhysicalDescription:Obr.
Subjects:

MARC

LEADER 00000cab a2200000 ar4500
001 vtls009335191
003 SK-MaSNL
005 20260304034551.0
008 080918c2008 xo mr|p|||||||000 b|slo
038 |a PPPK 
040 |a PPPKCL  |b slo  |c PPPK  |e AACR2 
041 0 |a slo 
044 |a xo  |c SK 
080 |a 711.426  |x (437.6)  |x (091)  |2 2001 
080 |a 929.6  |2 2001 
100 1 |a Mačura, Rastislav  |4 aut  |9 360150 
245 1 0 |a Heraldické symboly mestskej časti Kvetnica  |c Mgr. Rastislav Mačura, AsÚ SAV 
300 |b Obr. 
545 1 |a Názov časopisu do aprĺa 2007: Popradčan : mesačník obyvateľov mesta Poprad 
648 7 |a 1997  |2 pppkcl  |9 283446 
650 0 7 |a osady  |2 pppkcl  |9 400193 
650 0 7 |a heraldika  |2 pppkcl  |9 3642 
650 0 7 |a erby  |2 pppkcl  |9 18910 
650 0 7 |a dejiny miest  |2 pppkcl  |9 164833 
651 7 |a Kvetnica (Poprad, Slovensko)  |2 pppkcl  |9 54578 
773 0 |t Popradčan / Tatranec : mesačník obyvateľov Popradu a Vysokých Tatier  |g Roč. I, č. 9 (2007), s. 3 
852 |a PPPK  |b KIS3GCP 
999 |c 2653787  |d 2655717